THC: The High Chronicles Tracklist ($ir Cartier) - Statistics

General Stats
  • This quiz has been taken 25 times
  • The average score is 4 of 8
Answer Stats
Hint Answer % Correct
3 lAte NiGHt
80%
6 HoT BoX
73%
7 The High Chronicles
67%
8 Outro
60%
2 Carolina Blue Freestyle
47%
5 Living Reckle$$
47%
1 To Cool
40%
4 36 Whip N
33%
No matching quizzes found
Score Distribution
Percent of People with Each Score
Percentile by Number Answered
Your Score History
You have not taken this quiz